<?xml version="1.0" encoding="UTF-8"?>
<collection xmlns="http://www.loc.gov/MARC21/slim">
 <record>
  <leader>04235cam a2200637   4500</leader>
  <controlfield tag="001">797061932</controlfield>
  <controlfield tag="003">DE-627</controlfield>
  <controlfield tag="005">20220919175957.0</controlfield>
  <controlfield tag="007">tu</controlfield>
  <controlfield tag="008">140919s2014    it |||||      00| ||ita c</controlfield>
  <datafield tag="020" ind1=" " ind2=" ">
   <subfield code="a">9788879706261</subfield>
   <subfield code="9">978-88-7970-626-1</subfield>
  </datafield>
  <datafield tag="035" ind1=" " ind2=" ">
   <subfield code="a">(DE-627)797061932</subfield>
  </datafield>
  <datafield tag="035" ind1=" " ind2=" ">
   <subfield code="a">(DE-576)427303273</subfield>
  </datafield>
  <datafield tag="035" ind1=" " ind2=" ">
   <subfield code="a">(DE-599)BVBBV042069695</subfield>
  </datafield>
  <datafield tag="035" ind1=" " ind2=" ">
   <subfield code="a">(OCoLC)903089055</subfield>
  </datafield>
  <datafield tag="035" ind1=" " ind2=" ">
   <subfield code="a">(OCoLC)903089055</subfield>
  </datafield>
  <datafield tag="035" ind1=" " ind2=" ">
   <subfield code="a">(DE-604)BV042069695</subfield>
  </datafield>
  <datafield tag="035" ind1=" " ind2=" ">
   <subfield code="a">(ZDB-21-EIL)3008899</subfield>
  </datafield>
  <datafield tag="040" ind1=" " ind2=" ">
   <subfield code="a">DE-627</subfield>
   <subfield code="b">ger</subfield>
   <subfield code="c">DE-627</subfield>
   <subfield code="e">rakwb</subfield>
  </datafield>
  <datafield tag="041" ind1=" " ind2=" ">
   <subfield code="a">ita</subfield>
  </datafield>
  <datafield tag="044" ind1=" " ind2=" ">
   <subfield code="c">XA-IT</subfield>
  </datafield>
  <datafield tag="050" ind1=" " ind2="0">
   <subfield code="a">NA1123.S17</subfield>
  </datafield>
  <datafield tag="082" ind1="0" ind2=" ">
   <subfield code="a">720</subfield>
   <subfield code="2">14</subfield>
  </datafield>
  <datafield tag="084" ind1=" " ind2=" ">
   <subfield code="a">9,10</subfield>
   <subfield code="2">ssgn</subfield>
  </datafield>
  <datafield tag="084" ind1=" " ind2=" ">
   <subfield code="a">LI 77670</subfield>
   <subfield code="2">rvk</subfield>
   <subfield code="0">(DE-625)rvk/97017:</subfield>
  </datafield>
  <datafield tag="084" ind1=" " ind2=" ">
   <subfield code="a">56.63</subfield>
   <subfield code="2">bkl</subfield>
  </datafield>
  <datafield tag="100" ind1="1" ind2=" ">
   <subfield code="a">Frommel, Sabine</subfield>
   <subfield code="d">1958-</subfield>
   <subfield code="0">(DE-588)121996743</subfield>
   <subfield code="0">(DE-627)632520221</subfield>
   <subfield code="0">(DE-576)179055968</subfield>
   <subfield code="4">aut</subfield>
  </datafield>
  <datafield tag="245" ind1="1" ind2="0">
   <subfield code="a">Giuliano da Sangallo</subfield>
   <subfield code="c">Sabine Frommel</subfield>
  </datafield>
  <datafield tag="264" ind1=" " ind2="1">
   <subfield code="a">Firenze</subfield>
   <subfield code="b">Edifir [u.a.]</subfield>
   <subfield code="c">2014</subfield>
  </datafield>
  <datafield tag="264" ind1=" " ind2="1">
   <subfield code="a">Firenze</subfield>
   <subfield code="b">Ente Cassa di Risparmio di Firenze</subfield>
   <subfield code="c">2014</subfield>
  </datafield>
  <datafield tag="300" ind1=" " ind2=" ">
   <subfield code="a">404 S.</subfield>
   <subfield code="b">Ill.</subfield>
   <subfield code="c">30 cm</subfield>
  </datafield>
  <datafield tag="336" ind1=" " ind2=" ">
   <subfield code="a">Text</subfield>
   <subfield code="b">txt</subfield>
   <subfield code="2">rdacontent</subfield>
  </datafield>
  <datafield tag="337" ind1=" " ind2=" ">
   <subfield code="a">ohne Hilfsmittel zu benutzen</subfield>
   <subfield code="b">n</subfield>
   <subfield code="2">rdamedia</subfield>
  </datafield>
  <datafield tag="338" ind1=" " ind2=" ">
   <subfield code="a">Band</subfield>
   <subfield code="b">nc</subfield>
   <subfield code="2">rdacarrier</subfield>
  </datafield>
  <datafield tag="500" ind1=" " ind2=" ">
   <subfield code="a">Includes bibliographical references (pages 381-397) and index</subfield>
  </datafield>
  <datafield tag="520" ind1=" " ind2=" ">
   <subfield code="a">&quot;Dopo le precedenti monografie da Lorenzo Lippi al Volterrano, passando per Giovan Battista Foggini, Pietro Benvenuti, Andrea Boscoli, Francesco Conti e Giovanni Antonio Dosio, l'Ente Cassa di Risparmio di Firenze, in sintonia con la propria linea editoriale, che prosegue ormai da oltre 10 anni, e con la specificità del proprio territorio di appartenenza, ancora una volta vuole favorire l'opportunità di evocare un artista di grande rilievo legato a Firenze e alla Toscana, nell'ambito di un lungo arco temporale tra XV e XIX secolo nel quale si collocano autori di chiara fama che spesso però non hanno ancora ricevuto il riconoscimento di una trattazione organica. Nel caso di Giuliano da Sangallo, l'architetto prediletto da Lorenzo Il Magnifico, le poche testimonianze monografiche esistenti a lui dedicate, volendo cominciare dal Vasari, datano ormai a tempi lontani. Per questo era fortemente avvertita l'esigenza, cui ora risponde Sabine Frommel, di ricomporre la figura di un protagonista di primo piano del Rinascimento italiano con un esposizione che affrontasse, in maniera coraggiosa e innovativa, un complesso notevole di questioni stilistiche e attributive secondo una disposizione metodologica di vasto respiro volta a ricomporre nel modo più ampio possibile il percorso professionale ed artistico del grande architetto, ingegnere e scultore. Il nome di Giuliano da Sangallo è associato a pagine memorabili della storia dell'arte e dell'architettura...&quot; (Dalla presentazione di Umberto Tombari)</subfield>
  </datafield>
  <datafield tag="600" ind1="1" ind2="0">
   <subfield code="a">Sangallo, Giuliano da</subfield>
   <subfield code="d">1445?-1516</subfield>
  </datafield>
  <datafield tag="650" ind1=" " ind2="0">
   <subfield code="a">Architecture</subfield>
   <subfield code="z">Italy</subfield>
   <subfield code="x">History</subfield>
   <subfield code="y">To 1500</subfield>
  </datafield>
  <datafield tag="650" ind1=" " ind2="0">
   <subfield code="a">Architecture</subfield>
   <subfield code="z">Italy</subfield>
   <subfield code="x">History 16th century</subfield>
  </datafield>
  <datafield tag="650" ind1=" " ind2="0">
   <subfield code="a">Architecture, Renaissance</subfield>
   <subfield code="z">Italy</subfield>
  </datafield>
  <datafield tag="689" ind1="0" ind2="0">
   <subfield code="d">p</subfield>
   <subfield code="0">(DE-588)118799770</subfield>
   <subfield code="0">(DE-627)07957498X</subfield>
   <subfield code="0">(DE-576)165517956</subfield>
   <subfield code="a">Sangallo, Giuliano da</subfield>
   <subfield code="d">1445-1516</subfield>
   <subfield code="2">gnd</subfield>
  </datafield>
  <datafield tag="689" ind1="0" ind2=" ">
   <subfield code="5">DE-101</subfield>
  </datafield>
  <datafield tag="689" ind1="1" ind2="0">
   <subfield code="d">p</subfield>
   <subfield code="0">(DE-588)118799770</subfield>
   <subfield code="0">(DE-627)07957498X</subfield>
   <subfield code="0">(DE-576)165517956</subfield>
   <subfield code="a">Sangallo, Giuliano da</subfield>
   <subfield code="d">1445-1516</subfield>
   <subfield code="2">gnd</subfield>
  </datafield>
  <datafield tag="689" ind1="1" ind2=" ">
   <subfield code="5">(DE-627)</subfield>
  </datafield>
  <datafield tag="700" ind1="1" ind2=" ">
   <subfield code="a">Sangallo, Giuliano da</subfield>
   <subfield code="d">1445-1516</subfield>
   <subfield code="e">Ill.</subfield>
   <subfield code="0">(DE-588)118799770</subfield>
   <subfield code="0">(DE-627)07957498X</subfield>
   <subfield code="0">(DE-576)165517956</subfield>
   <subfield code="4">ill</subfield>
  </datafield>
  <datafield tag="775" ind1="0" ind2="8">
   <subfield code="i">Übersetzt als</subfield>
   <subfield code="a">Frommel, Sabine, 1958 - </subfield>
   <subfield code="t">Giuliano da Sangallo - Architekt der Renaissance</subfield>
   <subfield code="d">Basel : Birkhäuser, 2020</subfield>
   <subfield code="h">460 Seiten</subfield>
   <subfield code="w">(DE-627)1014633087</subfield>
   <subfield code="z">3035609268</subfield>
   <subfield code="z">9783035609264</subfield>
  </datafield>
  <datafield tag="787" ind1="0" ind2="8">
   <subfield code="i">Rezensiert in</subfield>
   <subfield code="a">Medvedkova, Olga</subfield>
   <subfield code="t">[Rezension von: Sabine Frommel, Giuliano da Sangallo]</subfield>
   <subfield code="d">2016</subfield>
   <subfield code="w">(DE-627)1816965065</subfield>
  </datafield>
  <datafield tag="856" ind1="4" ind2="2">
   <subfield code="u">http://www.edifir.it/7995_giuliano-da-sangallo/</subfield>
   <subfield code="x">Verlag</subfield>
   <subfield code="y">Inhaltsbeschreibung</subfield>
  </datafield>
  <datafield tag="935" ind1=" " ind2=" ">
   <subfield code="i">Blocktest</subfield>
  </datafield>
  <datafield tag="936" ind1="r" ind2="v">
   <subfield code="a">LI 77670</subfield>
   <subfield code="b">Sangallo, Giuliano da</subfield>
   <subfield code="k">Künstler-Monografien</subfield>
   <subfield code="k">Alphabetische Künstlerliste</subfield>
   <subfield code="k">Künstler S</subfield>
   <subfield code="k">Sangallo, Giuliano da</subfield>
   <subfield code="0">(DE-627)1271139685</subfield>
   <subfield code="0">(DE-625)rvk/97017:</subfield>
   <subfield code="0">(DE-576)201139685</subfield>
  </datafield>
  <datafield tag="936" ind1="b" ind2="k">
   <subfield code="a">56.63</subfield>
   <subfield code="j">Architekten</subfield>
   <subfield code="j">Baumeister</subfield>
   <subfield code="0">(DE-627)106403842</subfield>
  </datafield>
  <datafield tag="951" ind1=" " ind2=" ">
   <subfield code="a">BO</subfield>
  </datafield>
  <datafield tag="990" ind1=" " ind2=" ">
   <subfield code="a">Sangallo, Giuliano da</subfield>
  </datafield>
  <datafield tag="990" ind1=" " ind2=" ">
   <subfield code="a">Sangallo, Giuliano da</subfield>
  </datafield>
  <datafield tag="991" ind1=" " ind2=" ">
   <subfield code="a">Rezensiertes Werk</subfield>
  </datafield>
  <datafield tag="999" ind1=" " ind2=" ">
   <subfield code="a">KXP-PPN797061932</subfield>
   <subfield code="e">4190286656</subfield>
  </datafield>
 </record>
</collection>
